[Event "Reykjavik Open 2013"]
[Site "Reykjavik, Iceland"]
[Date "2013.02.23"]
[Round "6.83"]
[White "Vigfusson, Vigfus"]
[Black "Holm, Fridgeir K"]
[Result "1-0"]
[WhiteElo "1985"]
[BlackElo "1733"]
[PlyCount "81"]
[EventDate "2013.02.19"]

1. e4 e5 2. Nf3 Nc6 3. d4 exd4 4. Nxd4 Bc5 5. Be3 Qf6 6. c3 Qg6 7. Nd2 d6 8.
Qa4 Bd7 9. Bb5 Nge7 10. O-O-O O-O 11. h4 a6 12. Bd3 Ne5 13. Qc2 Nxd3+ 14. Qxd3
Bxd4 15. cxd4 f5 16. h5 Qf7 17. d5 f4 18. Bd4 c6 19. h6 g6 20. dxc6 Nxc6 21.
Bc3 Be6 22. b3 b5 23. Nf3 Ne5 24. Qd4 Rac8 25. Kb2 b4 26. Bxb4 Rb8 27. Ng5 Qf6
28. Nxe6 Rxb4 29. Qc3 Rfb8 30. Nd4 a5 31. Ka1 Nc6 32. Ne2 Ne5 33. Rd4 R4b5 34.
Rhd1 R5b6 35. Rc4 Rxb3 36. axb3 Rxb3 37. Qxb3 Nxc4+ 38. Rd4 d5 39. exd5 Nd2 40.
Qc2 f3 41. Qc8+ 1-0

[Event "Reykjavik Open 2013"]
[Site "Reykjavik, Iceland"]
[Date "2013.02.23"]
[Round "6.84"]
[White "Karlsson, Robin"]
[Black "Seim, Fredrik"]
[Result "1-0"]
[WhiteElo "1980"]
[BlackElo "1714"]
[PlyCount "101"]
[EventDate "2013.02.19"]

1. d4 e6 2. c4 f5 3. g3 d5 4. Bg2 c6 5. Nf3 Bd6 6. O-O Nf6 7. b3 O-O 8. Ba3
Bxa3 9. Nxa3 Qe7 10. Nc2 Nbd7 11. Nce1 Nb6 12. Qc2 a5 13. a4 Nbd7 14. Nd3 Ne4
15. Nfe5 Ndf6 16. f3 Nd6 17. Rae1 Bd7 18. c5 Nf7 19. Nxf7 Qxf7 20. e4 fxe4 21.
fxe4 Qg6 22. Ne5 Qh6 23. Rf4 Be8 24. Bh3 Nxe4 25. Rxf8+ Kxf8 26. Bg2 Nf6 27.
Qf2 Kg8 28. Rf1 Bg6 29. h3 Rf8 30. Qe1 Be4 31. Rf4 Bxg2 32. Kxg2 g5 33. Rf3 Ne4
34. Qxa5 Rxf3 35. Nxf3 Qf8 36. Qc7 h5 37. g4 hxg4 38. hxg4 Qg7 39. Qc8+ Kh7 40.
Qxe6 Qc7 41. Ne5 Qg7 42. Nf3 Qc7 43. Ne5 Qg7 44. b4 Nc3 45. Qf5+ Kg8 46. Nf3
Ne4 47. b5 Qc7 48. Ne5 Qg7 49. bxc6 bxc6 50. Qc8+ Kh7 51. Qxc6 1-0

[Event "Reykjavik Open 2013"]
[Site "Reykjavik, Iceland"]
[Date "2013.02.23"]
[Round "6.85"]
[White "Kjartansson, Dagur"]
[Black "Ragnarsson, Dagur"]
[Result "0-1"]
[WhiteElo "1623"]
[BlackElo "1961"]
[PlyCount "74"]
[EventDate "2013.02.19"]

1. c4 e5 2. Nc3 Nf6 3. g3 d5 4. cxd5 Nxd5 5. Bg2 Nb6 6. b3 Nc6 7. Bb2 Be7 8. e3
O-O 9. Nge2 Re8 10. O-O Bf6 11. Ne4 Nd5 12. d4 Bg4 13. Nxf6+ Nxf6 14. f3 Bh5
15. g4 Bg6 16. Rc1 exd4 17. Nxd4 Nb4 18. e4 c6 19. a3 Na6 20. Nxc6 bxc6 21.
Rxc6 Nb8 22. Rd6 Qc7 23. e5 Nbd7 24. exf6 Nxf6 25. Bxf6 gxf6 26. f4 Rad8 27.
Rc6 Qa5 28. Qc1 Bd3 29. Rd1 Bb5 30. Rxd8 Qxd8 31. Rc5 Qd4+ 32. Kh1 Re2 33. Bf3
Rf2 34. Qc3 Rf1+ 35. Kg2 Qg1+ 36. Kh3 Rxf3+ 37. Qxf3 Bf1+ 0-1

[Event "Reykjavik Open 2013"]
[Site "Reykjavik, Iceland"]
[Date "2013.02.23"]
[Round "6.87"]
[White "Jacobsen, Trond"]
[Black "Johannsson, Orn Leo"]
[Result "1/2-1/2"]
[WhiteElo "1610"]
[BlackElo "1953"]
[PlyCount "98"]
[EventDate "2013.02.19"]

1. d4 e6 2. c4 d5 3. Nc3 c6 4. cxd5 exd5 5. Bf4 Bf5 6. e3 Qb6 7. Qd2 Nf6 8. a3
a5 9. f3 Nbd7 10. g4 Bg6 11. h4 h6 12. Nd1 c5 13. Bd3 Bxd3 14. Qxd3 c4 15. Qc2
Qc6 16. Nc3 b5 17. Nge2 b4 18. Qa4 Qxa4 19. Nxa4 Be7 20. Kf2 O-O 21. Ng3 Rfe8
22. g5 hxg5 23. Bxg5 Bd6 24. Nf5 Re6 25. Nxd6 Rxd6 26. h5 Re8 27. Rag1 Nh7 28.
Bf4 Rc6 29. Rc1 Rec8 30. Rc2 Nhf6 31. h6 g6 32. Be5 Nxe5 33. dxe5 Nd7 34. h7+
Kg7 35. f4 Nc5 36. Nxc5 Rxc5 37. axb4 axb4 38. Kf3 Rh8 39. Rch2 c3 40. bxc3
bxc3 41. Ke2 c2 42. Kd2 Rc4 43. Kc1 d4 44. Rxc2 Rxc2+ 45. Kxc2 dxe3 46. Kd3
Rxh7 47. Rxh7+ Kxh7 48. Kxe3 Kg7 49. Ke4 Kf8 1/2-1/2

[Event "Reykjavik Open 2013"]
[Site "Reykjavik, Iceland"]
[Date "2013.02.23"]
[Round "6.88"]
[White "Bauza Mercere, Eduardo"]
[Black "Orlova, Yelizaveta"]
[Result "1-0"]
[WhiteElo "1809"]
[BlackElo "1978"]
[PlyCount "61"]
[EventDate "2013.02.19"]

1. Nf3 c5 2. e4 Nc6 3. d4 cxd4 4. Nxd4 Qb6 5. Nb3 g6 6. Be3 Qb4+ 7. N1d2 Bg7 8.
c3 Qd6 9. Be2 Nf6 10. O-O Qc7 11. f4 d6 12. Bf3 Bd7 13. Qe2 O-O 14. g4 Ne8 15.
f5 Ne5 16. Bg2 a6 17. Nd4 b5 18. Bf2 Rc8 19. Bh4 Bc6 20. Nxc6 Nxc6 21. g5 Ne5
22. f6 exf6 23. gxf6 Bh6 24. Bh3 Rd8 25. Rae1 Qa5 26. a3 Nc7 27. Bg3 Qb6+ 28.
Kh1 Ne6 29. Bf2 Qb7 30. Be3 Bg5 31. Bxe6 1-0

[Event "Reykjavik Open 2013"]
[Site "Reykjavik, Iceland"]
[Date "2013.02.23"]
[Round "6.89"]
[White "Kuehnast, Volker"]
[Black "Birgisdottir, Ingibjorg"]
[Result "1-0"]
[WhiteElo "1936"]
[BlackElo "1783"]
[PlyCount "59"]
[EventDate "2013.02.19"]

1. e4 e5 2. Nc3 Nc6 3. Bc4 d6 4. d3 Be7 5. f4 exf4 6. Bxf4 Nf6 7. Nf3 Bg4 8. h3
Bh5 9. g4 Bg6 10. Qd2 Nd7 11. O-O-O Nde5 12. Nxe5 Nxe5 13. Bb3 Qd7 14. Qh2 f6
15. d4 Nc6 16. Ba4 a6 17. d5 b5 18. Nxb5 axb5 19. Bxb5 O-O 20. Bxc6 Qc8 21.
Bxa8 Qxa8 22. a3 Qa4 23. Qf2 Bxe4 24. Rhe1 f5 25. Rd4 Qb5 26. Qe2 Qc5 27. Rxe4
fxe4 28. Qxe4 Bh4 29. Qe6+ Kh8 30. Qf7 1-0

[Event "Reykjavik Open 2013"]
[Site "Reykjavik, Iceland"]
[Date "2013.02.23"]
[Round "6.90"]
[White "Saemundsson, Bjarni"]
[Black "Bue, Gunnar"]
[Result "1-0"]
[WhiteElo "1935"]
[BlackElo "1695"]
[PlyCount "39"]
[EventDate "2013.02.19"]

1. d4 Nf6 2. Nc3 d6 3. e4 g6 4. Be3 Bg7 5. Qd2 O-O 6. f3 Nc6 7. g4 a6 8. O-O-O
b5 9. h4 h5 10. g5 Nd7 11. f4 e6 12. Nf3 Bb7 13. d5 Ne7 14. Bd4 e5 15. fxe5
dxe5 16. Bf2 Nb6 17. Bg3 Qd6 18. Qh2 Nd7 19. Bh3 Nc5 20. Nxe5 1-0

[Event "Reykjavik Open 2013"]
[Site "Reykjavik, Iceland"]
[Date "2013.02.23"]
[Round "6.91"]
[White "Herda, Christoph"]
[Black "Heimisson, Hilmir Freyr"]
[Result "1-0"]
[WhiteElo "1915"]
[BlackElo "1693"]
[PlyCount "183"]
[EventDate "2013.02.19"]

1. Nc3 d5 2. e4 dxe4 3. Nxe4 e5 4. Bc4 Bf5 5. Qf3 Bg6 6. h4 Qe7 7. Ng3 Nc6 8.
Bb5 Qd7 9. d3 h5 10. Bd2 Bc5 11. Be3 Bb6 12. Bxb6 axb6 13. N1e2 Nge7 14. Nc3
Kf8 15. a3 Qc8 16. Nge2 Bf5 17. Qe3 f6 18. f3 Rh6 19. Bc4 Rg6 20. g3 Na5 21.
Ba2 c5 22. Nd5 Nxd5 23. Bxd5 Qd7 24. Be4 Nc6 25. Bxf5 Qxf5 26. Qe4 Qxe4 27.
dxe4 Nd4 28. Nxd4 cxd4 29. Kf2 Rc8 30. Rac1 f5 31. exf5 Rgc6 32. c3 dxc3 33.
bxc3 Rxc3 34. Rxc3 Rxc3 35. Re1 Rxa3 36. Rxe5 Ra5 37. Re6 Rb5 38. Ke3 Rb4 39.
Rd6 Ke7 40. Rg6 Kf7 41. Re6 Rb3+ 42. Kf4 Rb4+ 43. Re4 Rb3 44. g4 hxg4 45. fxg4
Rb1 46. Rc4 b5 47. Rc7+ Kf8 48. Rc8+ Kf7 49. Rc7+ Kf8 50. Rxb7 b4 51. Rb8+ Kf7
52. Rb7+ Kf8 53. Kg5 b3 54. Rb8+ Kf7 55. Rb7+ Kf8 56. h5 b2 57. Rb8+ Kf7 58.
Rb7+ Kf8 59. h6 gxh6+ 60. Kf6 Ke8 61. Rb8+ Kd7 62. Rb7+ Ke8 63. Rb8+ Kd7 64.
Rb4 Rg1 65. Rb7+ Kd8 66. Rb8+ Kd7 67. Rxb2 Rxg4 68. Rh2 Ra4 69. Rxh6 Rf4 70.
Rh7+ Ke8 71. Re7+ Kf8 72. Rb7 Ke8 73. Rb5 Ra4 74. Rb8+ Kd7 75. Kf7 Ra6 76. f6
Kc7 77. Rf8 Kd7 78. Kg7 Ra1 79. Rf7+ Ke8 80. Re7+ Kd8 81. Kf8 Rh1 82. Re4 Rd1
83. f7 Rg1 84. Rd4+ Kc7 85. Ke7 Re1+ 86. Kf6 Rf1+ 87. Ke6 Kc6 88. Rc4+ Kb7 89.
Rc5 Re1+ 90. Kf6 Rf1+ 91. Rf5 Rc1 92. f8=Q 1-0

[Event "Reykjavik Open 2013"]
[Site "Reykjavik, Iceland"]
[Date "2013.02.23"]
[Round "6.92"]
[White "Fivelstad, Jon Olav"]
[Black "Hauksdottir, Hrund"]
[Result "1-0"]
[WhiteElo "1888"]
[BlackElo "1671"]
[PlyCount "53"]
[EventDate "2013.02.19"]

1. c4 e5 2. Nc3 Nc6 3. g3 Nf6 4. Bg2 Bc5 5. a3 a5 6. e3 d6 7. Nge2 Bg4 8. h3
Bh5 9. d3 O-O 10. g4 Bg6 11. d4 exd4 12. exd4 Ba7 13. O-O Re8 14. Bg5 Qd7 15.
Bxf6 gxf6 16. Qd2 Re7 17. Nb5 Rae8 18. Nf4 Bb6 19. Nd5 Re6 20. Nxb6 cxb6 21. d5
Re2 22. dxc6 bxc6 23. Qxd6 Qxd6 24. Nxd6 Rd8 25. Nf5 Rxb2 26. Bxc6 Rd3 27. Rfb1
1-0

[Event "Reykjavik Open 2013"]
[Site "Reykjavik, Iceland"]
[Date "2013.02.23"]
[Round "6.93"]
[White "Johannsdottir, Johanna Bjorg"]
[Black "Stefansson, Vignir Vatnar"]
[Result "1-0"]
[WhiteElo "1872"]
[BlackElo "1652"]
[PlyCount "75"]
[EventDate "2013.02.19"]

1. e4 c5 2. Nf3 e6 3. d3 d5 4. Nbd2 Nc6 5. g3 Nf6 6. Bg2 Be7 7. O-O O-O 8. Re1
Re8 9. e5 Nd7 10. c3 b6 11. Nf1 Bb7 12. d4 Rc8 13. a3 cxd4 14. cxd4 Na5 15. h4
Ba6 16. Ne3 b5 17. Bf1 Qb6 18. b4 Nc4 19. Ng4 Qc6 20. Bd3 Ndb6 21. Qe2 Na4 22.
Ng5 Bxg5 23. Bxg5 Qb6 24. Nf6+ gxf6 25. exf6 Red8 26. Qh5 Kf8 27. Qxh7 Ke8 28.
Qg8+ Kd7 29. Qxf7+ Kc6 30. Rxe6+ Rd6 31. Rxd6+ Nxd6 32. Rc1+ Nc4 33. Qe6+ Kb7
34. Qxd5+ Qc6 35. Qxc6+ Kxc6 36. f7 Nab6 37. Be7 Nd7 38. Bf5 1-0

[Event "Reykjavik Open 2013"]
[Site "Reykjavik, Iceland"]
[Date "2013.02.23"]
[Round "6.95"]
[White "Traustason, Ingi Tandri"]
[Black "Petersson, Baldur Teodor"]
[Result "1/2-1/2"]
[WhiteElo "1840"]
[BlackElo "1575"]
[PlyCount "51"]
[EventDate "2013.02.19"]

1. d4 d5 2. c4 c6 3. Nf3 Nf6 4. e3 a6 5. Nc3 b5 6. cxd5 cxd5 7. Bd3 e6 8. O-O
Nbd7 9. Nd2 Bb7 10. a3 Nb6 11. Nf3 Bd6 12. Qe2 Ne4 13. Bxe4 dxe4 14. Nd2 O-O
15. Ncxe4 Bxe4 16. Nxe4 Bxh2+ 17. Kxh2 Qh4+ 18. Kg1 Qxe4 19. f3 Qg6 20. e4 Rac8
21. Be3 Nc4 22. Rfc1 Nxe3 23. Qxe3 Qf6 24. Rc3 Rfd8 25. Rd1 Qe7 26. Rdc1
1/2-1/2

[Event "Reykjavik Open 2013"]
[Site "Reykjavik, Iceland"]
[Date "2013.02.23"]
[Round "6.96"]
[White "Einarsson, Oskar Long"]
[Black "Johansen, Arnt-Ole"]
[Result "0-1"]
[WhiteElo "1613"]
[BlackElo "1817"]
[PlyCount "96"]
[EventDate "2013.02.19"]

1. e4 c6 2. d4 d5 3. e5 Bf5 4. Nf3 e6 5. Be2 Nd7 6. O-O Bg6 7. Be3 Nh6 8. Bg5
f6 9. exf6 gxf6 10. Bf4 Bg7 11. Re1 O-O 12. c4 Re8 13. Nh4 Nf7 14. Nxg6 hxg6
15. Nd2 g5 16. Bg3 f5 17. h3 Bxd4 18. Qc2 Qf6 19. Rab1 f4 20. Bh2 Nd6 21. Nf3
Bb6 22. b3 Ne4 23. Rf1 Nc3 24. Rbe1 Nxe2+ 25. Rxe2 e5 26. b4 e4 27. Nd2 Ne5 28.
c5 Bc7 29. Qb3 Kg7 30. b5 Rab8 31. Qa4 cxb5 32. Qxb5 Qc6 33. Qb4 Nd3 34. Qa3
Qxc5 35. Qxc5 Nxc5 36. Rc1 b6 37. Nb3 Be5 38. Nxc5 bxc5 39. g3 f3 40. Rd2 d4
41. g4 Bxh2+ 42. Kxh2 Re5 43. Kg3 Kf6 44. Rc4 Ke6 45. Ra4 Rb7 46. h4 gxh4+ 47.
Kxh4 e3 48. fxe3 dxe3 0-1

[Event "Reykjavik Open 2013"]
[Site "Reykjavik, Iceland"]
[Date "2013.02.23"]
[Round "6.97"]
[White "Thorhallsson, Simon"]
[Black "Ragnarsson, Heimir Pall"]
[Result "1/2-1/2"]
[WhiteElo "1451"]
[BlackElo "1354"]
[PlyCount "66"]
[EventDate "2013.02.19"]

1. d4 Nf6 2. c4 e6 3. Nc3 Bb4 4. e3 O-O 5. Nge2 b6 6. a3 Bxc3+ 7. Nxc3 d6 8.
Qf3 c6 9. g4 Bb7 10. Bd3 g6 11. e4 Nbd7 12. Bh6 Re8 13. h4 c5 14. d5 exd5 15.
cxd5 Nxd5 16. Nxd5 Bxd5 17. O-O-O Ne5 18. Qg3 Bc6 19. Qf4 Nxd3+ 20. Rxd3 Rxe4
21. Qg3 Qe7 22. Rhd1 Rd8 23. Rxd6 Rxd6 24. Qxd6 Qxd6 25. Rxd6 Rc4+ 26. Kb1 Be4+
27. Ka2 Rd4 28. Rxd4 cxd4 29. Bf4 f5 30. g5 Kf7 31. Kb3 d3 32. Kc3 Ke6 33. Kd4
Bc6 1/2-1/2

[Event "Reykjavik Open 2013"]
[Site "Reykjavik, Iceland"]
[Date "2013.02.23"]
[Round "6.100"]
[White "Petersen, Jakob Alexander"]
[Black "Leifsson, Thorsteinn"]
[Result "1-0"]
[WhiteElo "1370"]
[BlackElo "1759"]
[PlyCount "25"]
[EventDate "2013.02.19"]

1. d4 d5 2. c4 e6 3. Nc3 Nf6 4. Bg5 Be7 5. Nf3 h6 6. Bf4 O-O 7. e3 Nbd7 8. cxd5
exd5 9. Bd3 c6 10. Qc2 Re8 11. O-O-O b5 12. Nxb5 cxb5 13. Bc7 1-0

[Event "Reykjavik Open 2013"]
[Site "Reykjavik, Iceland"]
[Date "2013.02.23"]
[Round "6.101"]
[White "Kolica, Donika"]
[Black "Leosson, Atli Johann"]
[Result "0-1"]
[WhiteElo "1251"]
[BlackElo "1736"]
[PlyCount "62"]
[EventDate "2013.02.19"]

1. e4 e5 2. Nf3 Nc6 3. Bc4 Bc5 4. c3 Nf6 5. d3 h6 6. Nbd2 d6 7. Nf1 Bg4 8. Ng3
a6 9. Bb3 Ne7 10. O-O O-O 11. h3 Bd7 12. d4 exd4 13. cxd4 Bb6 14. e5 dxe5 15.
dxe5 Nh7 16. Nh4 Nc6 17. Qh5 Nxe5 18. Ng6 Nxg6 19. Qxg6 Qf6 20. Qd3 Bb5 21. Bc4
Rad8 22. Qc2 Bxc4 23. Qxc4 Qe5 24. Bf4 Qxb2 25. Rab1 Qf6 26. Qe4 Rd4 27. Be5
Rxe4 28. Bxf6 Nxf6 29. Nxe4 Nxe4 30. Rb2 Rd8 31. Re2 Ng3 0-1

[Event "Reykjavik Open 2013"]
[Site "Reykjavik, Iceland"]
[Date "2013.02.23"]
[Round "6.103"]
[White "Pantzar, Milton"]
[Black "Palsdottir, Soley Lind"]
[Result "1/2-1/2"]
[WhiteElo "1693"]
[BlackElo "1393"]
[PlyCount "46"]
[EventDate "2013.02.19"]

1. d4 Nf6 2. c4 g6 3. Nc3 Bg7 4. Nf3 O-O 5. Bg5 d6 6. e3 c5 7. Bd3 Na6 8. O-O
Nc7 9. Re1 Bg4 10. h3 Bxf3 11. Qxf3 Ne6 12. Bxf6 Bxf6 13. d5 Nc7 14. e4 a6 15.
Qe2 Bd4 16. Rab1 Rb8 17. Kh1 e6 18. Qd2 Qh4 19. Rf1 b5 20. b3 b4 21. Nd1 Ne8
22. Qe2 Be5 23. Qg4 Qxg4 1/2-1/2

[Event "Reykjavik Open 2013"]
[Site "Reykjavik, Iceland"]
[Date "2013.02.23"]
[Round "6.104"]
[White "Ramtin, Raman"]
[Black "Hrafnsson, Hilmir"]
[Result "0-1"]
[WhiteElo "1661"]
[BlackElo "1331"]
[PlyCount "54"]
[EventDate "2013.02.19"]

1. d4 Nf6 2. Nf3 g6 3. c4 Bg7 4. Nc3 O-O 5. e4 d6 6. Be2 Nbd7 7. O-O e5 8. d5
a5 9. Be3 b6 10. Ne1 Nc5 11. Bxc5 bxc5 12. f3 Nh5 13. Nd3 Qg5 14. Qc2 Nf4 15.
Nxf4 exf4 16. Kh1 Re8 17. Nb5 Re7 18. Rab1 f5 19. Bd3 fxe4 20. Bxe4 Bf5 21.
Rfe1 Rae8 22. Qd2 Bxe4 23. fxe4 Rxe4 24. Qxa5 Re2 25. Rg1 f3 26. gxf3 Qh4 27.
Rg2 Rxg2 0-1